00337nam a2200133Ia 4500008004100000020000600041040002600047082001500073100002000088245002500108260004900133003000400182005001700186241217s9999||||xx |||||||||||||| ||und|| c0 bengcSSK Libraryerda a621.39/WON a Wong Kee Sheng 0aBob-165 Miktrotik Pc b Pusat Pembangunan Kemahiran Sarawakc©2012OSt20241217112807.0